The New World in early modern Italy, 1492-1750
Αποθηκεύτηκε σε:
| Άλλοι συγγραφείς: | , |
|---|---|
| Μορφή: | Βιβλίο |
| Γλώσσα: | English |
| Δημοσίευση: |
Cambridge :
Cambridge University Press,
2017.
|
| Θέματα: | |
| Ετικέτες: |
Προσθήκη ετικέτας
Δεν υπάρχουν, Καταχωρήστε ετικέτα πρώτοι!
|
MARC
| LEADER | 00000cam a2200000 a 4500 | ||
|---|---|---|---|
| 001 | 1/120476 | ||
| 008 | 191205s2017####uk ||||||| |||| ||eng|| | ||
| 020 | |a 9781107122871 | ||
| 040 | |a GR-MyUa |b gre |c GR-MyUa |e AACR2 | ||
| 041 | 0 | |a eng | |
| 082 | 7 | |a 303.48245 |2 (23) | |
| 245 | 0 | 4 | |a The New World in early modern Italy, 1492-1750 / |c επιμέλεια: Elizabeth Horodowich, Lia Markey. |
| 260 | |a Cambridge : |b Cambridge University Press, |c 2017. | ||
| 300 | |a 345 σ. ; |c 25 εκ. | ||
| 651 | 0 | |a Italy |x History |y 1492-1870. | |
| 651 | 0 | |a Italy |x Civilization |y 1268-1559. | |
| 651 | 0 | |a Italy |x Civilization |y 1559-1789. | |
| 700 | 1 | |a Horodowich, Elizabeth |d 1970- |e edtf | |
| 700 | 1 | |a Markey, Lia, |e edtf | |
| 852 | |a INST |b LESVOS |e 20191205 |h 303.48245 NEW |p 005100062938 |q 005100062938 |t BK |y 0 | ||
| 920 | |a ΠΜΣ Κοινωνική και Ιστορική Ανθρωπολογία |y Λέσβος |z 2019-10 | ||
| 970 | |a Δημάκη |b Μαρία |z 05-12-2019 | ||